00547pab a2200169 454500008004000000100002300040245005600063260000900119300001500128362001100143650003700154650002000191773003400211909001000245999001700255952010500272180718b2001 xxu||||| |||| 00| 0 eng d aSadanandan, Rajeev aGovernment health services in Kerala: who benefits? c2001 ap.3071-077 a11 Aug aHealth services - India - Kerala aHealth services aEconomic and Political Weekly a49631 c49631d49631 00104070aIIPAbIIPAd2018-07-19hVolume no: 36, Issue no: 32pAR50059r2018-07-19w2018-07-19yAR